[Event "Weekend Accademia"]
[Site "Roma ITA"]
[Date "1996.??.??"]
[Round "1"]
[White "Sebasti, Alessandro"]
[Black "Sciannamea, Valerio"]
[Result "0-1"]
[WhiteElo "1564"]
[BlackElo "1719"]
[PlyCount "66"]
[EventDate "1996.??.??"]

1. e4 d6 2. d4 Nf6 3. Nc3 g6 4. Bc4 Bg7 5. Nge2 O-O 6. O-O Nc6 7. a3 Nxe4 8.
Nxe4 d5 9. Ba2 dxe4 10. c3 b6 11. Qc2 Bb7 12. Qxe4 Nxd4 13. Qxb7 Nxe2+ 14. Kh1
Nxc1 15. Raxc1 e6 16. Rcd1 Qe7 17. Rd3 Rfd8 18. Rg3 a5 19. f4 Rab8 20. Qe4 Qd7
21. Qb1 b5 22. h4 b4 23. axb4 axb4 24. c4 c5 25. Bb3 Qd4 26. h5 Qxb2 27. Qe4
Rd4 28. Qc6 Rxf4 29. Rff3 Qc1+ 30. Kh2 Rh4+ 31. Rh3 Be5+ 32. Rfg3 Bxg3+ 33.
Kxg3 Qf4# 0-1

[Event "Weekend Accademia"]
[Site "Roma ITA"]
[Date "1996.??.??"]
[Round "1"]
[White "Tommasini, Enzo"]
[Black "Berrino, Umberto"]
[Result "1-0"]
[WhiteElo "2075"]
[BlackElo "1672"]
[PlyCount "66"]
[EventDate "1996.??.??"]

1. d4 d5 2. c4 e6 3. Nc3 Nf6 4. cxd5 exd5 5. Bg5 Be7 6. e3 c6 7. Qc2 Nbd7 8.
Bd3 O-O 9. Nge2 Re8 10. O-O Nf8 11. f3 Ng6 12. Rae1 Nh5 13. Bxe7 Rxe7 14. g4
Nf6 15. Ng3 Qe8 16. g5 Nd7 17. Nf5 Re6 18. Qd2 f6 19. e4 dxe4 20. Bc4 fxg5 21.
Nxe4 Kh8 22. Bxe6 Qxe6 23. Ned6 Qf6 24. Re8+ Ndf8 25. Nxc8 Rxc8 26. Rxc8 Qxf5
27. Rb8 h5 28. Qe3 Nf4 29. Qe4 Qf6 30. Qe5 Kg8 31. Qxf6 gxf6 32. Re1 b6 33. Re7
N4e6 1-0

[Event "Weekend Accademia"]
[Site "Roma ITA"]
[Date "1996.??.??"]
[Round "1"]
[White "Verrascina, Nicola"]
[Black "Piacentini, Carlo"]
[Result "1/2-1/2"]
[WhiteElo "2090"]
[BlackElo "1680"]
[PlyCount "125"]
[EventDate "1996.??.??"]

1. e4 e5 2. f4 d5 3. exd5 e4 4. d3 Qxd5 5. Nc3 Bb4 6. Qe2 Bxc3+ 7. bxc3 Nf6 8.
Ba3 c5 9. dxe4 Nxe4 10. Bxc5 Qxc5 11. Qxe4+ Qe7 12. Qxe7+ Kxe7 13. O-O-O Be6
14. Re1 Kd6 15. Kb2 h5 16. Nf3 Nd7 17. Ng5 Rhe8 18. Bb5 Kc7 19. Rd1 Rad8 20.
Rhe1 a6 21. Bxd7 Rxd7 22. Rd4 Rde7 23. Rde4 Kd6 24. Rd1+ Kc7 25. Rde1 Kd6 26.
f5 Bxf5 27. Nxf7+ Kd7 28. Rd4+ Kc7 29. Rxe7+ Rxe7 30. Nd6 Bg6 31. Rd2 b5 32. c4
Re6 33. c5 Kc6 34. c4 bxc4 35. Nxc4 Kxc5 36. Na5 Kb4 37. Nb3 Re1 38. Rd4+ Kb5
39. Rd5+ Kc6 40. Rg5 Be4 41. Rxh5 Re2+ 42. Ka3 Rxg2 43. h4 Bb1 44. Rg5 Rxa2+
45. Kb4 g6 46. h5 gxh5 47. Rxh5 Be4 48. Na5+ Kb6 49. Nc4+ Kc6 50. Na5+ Kb6 51.
Nc4+ Kc6 52. Na5+ Kc7 53. Re5 Bd3 54. Rc5+ Kd6 55. Nc4+ Ke6 56. Rc6+ Kd5 57.
Rd6+ Ke4 58. Re6+ Kf5 59. Re5+ Kf4 60. Ra5 Bxc4 61. Rxa2 Bxa2 62. Ka3 Bc4 63.
Kb2 1/2-1/2

[Event "Weekend Accademia"]
[Site "Roma ITA"]
[Date "1996.??.??"]
[Round "2"]
[White "Berrino, Umberto"]
[Black "Abuhamdieh, Arafat"]
[Result "1/2-1/2"]
[WhiteElo "1672"]
[BlackElo "1528"]
[PlyCount "87"]
[EventDate "1996.??.??"]

1. e4 e5 2. Nf3 Nf6 3. d3 d6 4. c3 Bg4 5. Be2 Be7 6. Nbd2 O-O 7. O-O Nbd7 8.
Re1 c6 9. Qc2 Qc7 10. b3 Nh5 11. d4 Nf4 12. Bf1 f5 13. dxe5 dxe5 14. h3 fxe4
15. hxg4 exf3 16. Nxf3 h6 17. Bb2 Bf6 18. g3 Nd5 19. Rad1 Be7 20. Bg2 Bc5 21.
b4 Bb6 22. a3 e4 23. Nd4 Bxd4 24. Rxd4 e3 25. Bxd5+ cxd5 26. Rxe3 Nb6 27. Qe2
Rad8 28. Re7 Rd7 29. Qe6+ Kh8 30. Rxd7 Nxd7 31. Qxd5 Nf6 32. Qf5 Qe7 33. Kf1
Re8 34. Qd3 Qe1+ 35. Kg2 Re2 36. Rd8+ Ng8 37. Rf8 Rxb2 38. Qd5 Rxf2+ 39. Rxf2
Nf6 40. Qf3 Qe6 41. Re2 Qd7 42. c4 Nxg4 43. Qe4 Nf6 44. Qe6 1/2-1/2

[Event "Weekend Accademia"]
[Site "Roma ITA"]
[Date "1996.??.??"]
[Round "2"]
[White "Catena, Marco"]
[Black "Pezzaldi, Roberto"]
[Result "0-1"]
[WhiteElo "1630"]
[BlackElo "2013"]
[PlyCount "116"]
[EventDate "1996.??.??"]

1. d4 e6 2. c4 f5 3. Nc3 Nf6 4. Nf3 Be7 5. Bf4 d6 6. Qc2 Nc6 7. e3 b6 8. Bd3
O-O 9. a3 Qe8 10. O-O-O Nh5 11. h3 Nxf4 12. exf4 Qf7 13. Kb1 Bf6 14. Ne2 g6 15.
Qd2 Bb7 16. h4 Ne7 17. Qe3 Nc6 18. Ng5 Qd7 19. Qxe6+ Qxe6 20. Nxe6 Rf7 21. d5
Nd8 22. N2d4 Nxe6 23. Nxe6 Re7 24. Ng5 Rae8 25. Kc2 a5 26. a4 c6 27. Rhg1 cxd5
28. cxd5 h6 29. Nh3 Bxd5 30. g3 Rc8+ 31. Kb1 Bb3 32. Rde1 Bxa4 33. Rxe7 Bxe7
34. Re1 Kf7 35. Ng1 Bf6 36. Nf3 Rc5 37. Re3 Bc6 38. Nd2 Bd5 39. Be2 Be6 40. Bd3
b5 41. Bc2 a4 42. Re2 Rc7 43. Re3 Bd4 44. Re2 Ke7 45. Nf3 Ba7 46. Ne1 Kf6 47.
Rd2 Bc5 48. Nf3 Bc4 49. Ne1 Bb4 50. Rd1 Bxe1 51. Rxe1 Re7 52. Re3 d5 53. Kc1 d4
54. Rxe7 Kxe7 55. Kd2 Bd5 56. Bd3 Bc4 57. Bc2 Kf6 58. Bb1 b4 0-1

[Event "Weekend Accademia"]
[Site "Roma ITA"]
[Date "1996.??.??"]
[Round "2"]
[White "Cialdea, Alberto"]
[Black "De Blasio, Alessandro"]
[Result "1-0"]
[WhiteElo "1900"]
[BlackElo "1543"]
[PlyCount "53"]
[EventDate "1996.??.??"]

1. e4 c5 2. d4 cxd4 3. c3 dxc3 4. Nxc3 Nc6 5. Nf3 d6 6. Bc4 Nf6 7. e5 Nd7 8.
Bxf7+ Kxf7 9. e6+ Ke8 10. exd7+ Bxd7 11. O-O Bg4 12. Re1 Kd7 13. b4 Bxf3 14.
Qxf3 Qb6 15. Qf5+ Kd8 16. a3 g6 17. Qg5 Qd4 18. Bb2 Qf6 19. Qd5 Qf5 20. b5 Na5
21. Qd4 Rg8 22. Nd5 Bg7 23. Qe3 Qf7 24. Bxg7 Rxg7 25. Qc3 Nc6 26. bxc6 Qxd5 27.
Qxg7 1-0

[Event "Weekend Accademia"]
[Site "Roma ITA"]
[Date "1996.??.??"]
[Round "2"]
[White "Ciotoli, Patrizio"]
[Black "Perotti, Germano"]
[Result "1-0"]
[WhiteElo "2010"]
[BlackElo "1717"]
[PlyCount "63"]
[EventDate "1996.??.??"]

1. e4 g6 2. Nc3 d6 3. f4 Nf6 4. Nf3 Bg7 5. Bc4 c6 6. e5 dxe5 7. fxe5 Ng4 8. O-O
Qb6+ 9. d4 O-O 10. Kh1 c5 11. Nd5 Qd8 12. dxc5 Nc6 13. Bf4 Be6 14. h3 Ngxe5 15.
Nxe5 Nxe5 16. Bb3 Qd7 17. Bxe5 Bxe5 18. Nf4 Qxd1 19. Raxd1 Bxb3 20. cxb3 Rfd8
21. Nd5 e6 22. Nc3 Bd4 23. b4 a6 24. Na4 Rd5 25. Nb6 Rad8 26. Nxd5 Rxd5 27. Rf3
Bxb2 28. Rxd5 exd5 29. Rb3 Be5 30. b5 d4 31. c6 bxc6 32. bxa6 1-0

[Event "Weekend Accademia"]
[Site "Roma ITA"]
[Date "1996.??.??"]
[Round "2"]
[White "Crucioli, Marco"]
[Black "Laudati, Adriano"]
[Result "1/2-1/2"]
[WhiteElo "1630"]
[BlackElo "1870"]
[PlyCount "54"]
[EventDate "1996.??.??"]

1. e4 e6 2. f4 d5 3. e5 c5 4. Nf3 Nc6 5. Be2 Bd7 6. O-O Qb6 7. Kh1 Nge7 8. b3
h5 9. c3 Nf5 10. Na3 h4 11. Nc2 Rc8 12. Ne3 Nce7 13. Bd3 Nxe3 14. dxe3 g6 15.
Bd2 Nf5 16. Bxf5 gxf5 17. Be1 Be7 18. Bf2 Qd8 19. a4 b6 20. Qe2 Bc6 21. h3 Bb7
22. Rfd1 Rc7 23. a5 Bc6 24. axb6 axb6 25. Ra6 Rd7 26. Rda1 Kf8 27. Be1 Kg7
1/2-1/2

[Event "Weekend Accademia"]
[Site "Roma ITA"]
[Date "1996.??.??"]
[Round "2"]
[White "De Carolis, Maurizio"]
[Black "Gaudino, Gaetano"]
[Result "1-0"]
[WhiteElo "1555"]
[BlackElo "1585"]
[PlyCount "55"]
[EventDate "1996.??.??"]

1. d4 d5 2. c4 Nf6 3. cxd5 Nxd5 4. e4 Nf6 5. Nc3 e6 6. Bg5 h6 7. Bh4 Be7 8. Nf3
Nbd7 9. Qc2 O-O 10. Be2 Nh7 11. Bg3 Ng5 12. O-O Nxf3+ 13. Bxf3 f5 14. exf5 exf5
15. Nd5 Bd6 16. Bxd6 cxd6 17. Nc7 Rb8 18. Ne6 Qf6 19. Nxf8 Nxf8 20. Qc7 Nd7 21.
Rfe1 Qf8 22. Bd5+ Kh7 23. Be6 Ra8 24. Bxd7 Qf7 25. Re7 Qf8 26. Bxc8 Rxc8 27.
Rxg7+ Qxg7 28. Qxc8 1-0

[Event "Weekend Accademia"]
[Site "Roma ITA"]
[Date "1996.??.??"]
[Round "2"]
[White "De Vita, Gianni"]
[Black "Buffoni, Luca"]
[Result "1-0"]
[WhiteElo "2090"]
[BlackElo "1708"]
[PlyCount "35"]
[EventDate "1996.??.??"]

1. e4 e5 2. Nf3 Nf6 3. Nxe5 d6 4. Nf3 Nxe4 5. Nc3 Nxc3 6. dxc3 Bg4 7. Be2 Be7
8. Qd4 Bxf3 9. Bxf3 Nc6 10. Qxg7 Bf6 11. Qg3 Qe7+ 12. Be3 Bh4 13. Bxc6+ bxc6
14. Qf3 d5 15. O-O Qe4 16. Qh3 O-O 17. Rae1 Rfe8 18. Bh6 1-0

[Event "Weekend Accademia"]
[Site "Roma ITA"]
[Date "1996.??.??"]
[Round "2"]
[White "Donia, Massimiliano"]
[Black "Boccia, Mattia Mario"]
[Result "1-0"]
[WhiteElo "1956"]
[BlackElo "1534"]
[PlyCount "53"]
[EventDate "1996.??.??"]

1. e4 c6 2. d4 d5 3. e5 Bf5 4. Ne2 e6 5. Ng3 Bg6 6. h4 h6 7. h5 Bh7 8. c3 c5 9.
Bd3 Bxd3 10. Qxd3 Nc6 11. O-O cxd4 12. cxd4 Qb6 13. Be3 Qxb2 14. Nc3 Qb6 15. f4
Nge7 16. Rab1 Qd8 17. Rxb7 Rb8 18. Rxb8 Nxb8 19. Nb5 Nec6 20. f5 a6 21. Nc3 Qd7
22. Nce2 exf5 23. Nxf5 g6 24. hxg6 fxg6 25. Nd6+ Bxd6 26. Qxg6+ Kd8 27. Qf6+
1-0

[Event "Weekend Accademia"]
[Site "Roma ITA"]
[Date "1996.??.??"]
[Round "2"]
[White "Franchi, Jose' Maria"]
[Black "Melega, Gianluigi"]
[Result "1-0"]
[WhiteElo "1876"]
[BlackElo "1513"]
[PlyCount "67"]
[EventDate "1996.??.??"]

1. e4 e6 2. d4 d5 3. Nc3 Bb4 4. exd5 Bxc3+ 5. bxc3 Qxd5 6. Qg4 g6 7. Bd3 Nf6 8.
Qg3 Nbd7 9. Ne2 Nh5 10. Qh4 b6 11. Be4 Qc4 12. Bxa8 Ba6 13. Bf3 Ne5 14. Bxh5
gxh5 15. Qxh5 Ng6 16. h4 Rg8 17. Bd2 Nxh4 18. Rxh4 Rxg2 19. Rh1 Bb7 20. Nf4 Rg8
21. Rf1 Ba6 22. Nd3 Qa4 23. Rc1 Qc4 24. Qxh7 Rg6 25. f3 e5 26. Qh8+ Ke7 27. Kf2
e4 28. Rce1 Re6 29. Rxe4 Rxe4 30. fxe4 Qc6 31. Ke3 Qg6 32. Qh4+ Ke8 33. Nf4 Qg8
34. Nd5 1-0

[Event "Weekend Accademia"]
[Site "Roma ITA"]
[Date "1996.??.??"]
[Round "2"]
[White "Galdelli, Fabiano"]
[Black "Gardon, Ermanno"]
[Result "1/2-1/2"]
[WhiteElo "1738"]
[BlackElo "1716"]
[PlyCount "76"]
[EventDate "1996.??.??"]

1. e4 e6 2. d4 d5 3. Nc3 Nf6 4. e5 Nfd7 5. Nf3 c5 6. Bb5 a6 7. Bxd7+ Nxd7 8.
O-O Qc7 9. Re1 Be7 10. Bg5 Bf8 11. Bh4 Nb6 12. Ne2 cxd4 13. Nexd4 Nc4 14. Qc1
h6 15. Bg3 Qb6 16. Nb3 Bd7 17. Nfd2 Rc8 18. c3 Be7 19. Nxc4 Rxc4 20. Bf4 a5 21.
Be3 Qa6 22. Nd4 b5 23. Qd1 b4 24. Qe2 Qc8 25. cxb4 Rxb4 26. b3 Qb8 27. Rac1 Rb7
28. Nc6 Bxc6 29. Rxc6 O-O 30. f4 Rc8 31. Rec1 Rbc7 32. Rxc7 Rxc7 33. Rxc7 Qxc7
34. Bd4 Bb4 35. g3 Qc1+ 36. Kg2 Qb1 37. Bf2 Bc3 38. Bb6 a4 1/2-1/2

[Event "Weekend Accademia"]
[Site "Roma ITA"]
[Date "1996.??.??"]
[Round "2"]
[White "Ludovici, Roberto"]
[Black "Tommasini, Enzo"]
[Result "0-1"]
[WhiteElo "1713"]
[BlackElo "2075"]
[PlyCount "62"]
[EventDate "1996.??.??"]

1. e4 e6 2. Nf3 d5 3. Nc3 Nf6 4. exd5 exd5 5. d4 Be7 6. Be2 O-O 7. O-O Bg4 8.
Ne5 Bxe2 9. Qxe2 Nbd7 10. Bg5 c6 11. Nxd7 Qxd7 12. a3 Rfe8 13. Qd2 Qf5 14. Rae1
Bd6 15. h3 Nd7 16. Ne2 Nf8 17. Bh4 Re4 18. Bg3 Be7 19. Qd3 Qd7 20. Nc3 Re6 21.
Qf5 Re8 22. Rxe6 Nxe6 23. Re1 Qd8 24. Qg4 Qb6 25. Ne2 Qxb2 26. Be5 Qxc2 27. Nf4
Bf8 28. Nh5 Qg6 29. Qh4 Be7 30. Qg4 Qxg4 31. hxg4 f6 0-1

[Event "Weekend Accademia"]
[Site "Roma ITA"]
[Date "1996.??.??"]
[Round "2"]
[White "Luna, Giovanni"]
[Black "Pieroni, Marco"]
[Result "1-0"]
[WhiteElo "1564"]
[BlackElo "1705"]
[PlyCount "111"]
[EventDate "1996.??.??"]

1. d4 d5 2. Nf3 Nf6 3. c4 c6 4. e3 e6 5. a3 Nbd7 6. Nc3 Bd6 7. cxd5 exd5 8. Bd3
Qe7 9. O-O Ne4 10. Qc2 Ndf6 11. h3 O-O 12. Bxe4 Nxe4 13. Nxe4 dxe4 14. Nd2 Qg5
15. Nxe4 Qg6 16. Kh1 Bf5 17. f3 Rae8 18. Qb3 Bxe4 19. fxe4 Rxe4 20. Rf3 b6 21.
Bd2 Kh8 22. Raf1 f6 23. Qc4 Qe8 24. b4 b5 25. Qc2 Rf7 26. Rc1 Rc7 27. Qd1 Qe6
28. Qc2 a6 29. Rcf1 Rc8 30. Rc1 Rh4 31. Qf5 Qxf5 32. Rxf5 Kg8 33. d5 Rc4 34.
Rxc4 bxc4 35. Bc3 cxd5 36. Rxd5 Be5 37. Bxe5 fxe5 38. Rd1 c3 39. Rc1 Kf7 40.
Kg1 Ke6 41. e4 Rc4 42. Kf2 Kd6 43. Ke3 Kc6 44. Kd3 Kb5 45. Rxc3 Rxc3+ 46. Kxc3
Ka4 47. Kb2 h5 48. h4 g6 49. g3 Kb5 50. Kb3 Kb6 51. Kc4 Kc6 52. a4 Kd6 53. Kd3
Kc7 54. Kc4 Kc6 55. b5+ axb5+ 56. axb5+ 1-0

[Event "Weekend Accademia"]
[Site "Roma ITA"]
[Date "1996.??.??"]
[Round "2"]
[White "Marta, Daniele"]
[Black "Macchia, Giovanni"]
[Result "0-1"]
[WhiteElo "1732"]
[BlackElo "1657"]
[PlyCount "120"]
[EventDate "1996.??.??"]

1. d4 d5 2. Nf3 Nf6 3. Bg5 h6 4. Bh4 Bf5 5. e3 e6 6. Nbd2 Be7 7. Be2 O-O 8. O-O
Nbd7 9. c4 c6 10. Qb3 Qb6 11. Qxb6 Nxb6 12. c5 Nbd7 13. b4 Rfe8 14. Rfc1 Rac8
15. a4 Ne4 16. Bxe7 Rxe7 17. Nxe4 Bxe4 18. Nd2 Bg6 19. f4 Nf6 20. Ra3 Ne4 21.
Nxe4 Bxe4 22. b5 f6 23. Rb3 Bg6 24. Rcc3 Rce8 25. bxc6 bxc6 26. Ba6 e5 27. Rb7
exd4 28. Rxe7 Rxe7 29. exd4 Re4 30. Bd3 Re3 31. Bxg6 Rxc3 32. Be8 Rc4 33. Bxc6
Rxd4 34. g3 Kf8 35. Kf2 Rc4 36. Bxd5 Rxc5 37. Bf3 Ke7 38. h4 Kd6 39. Ke3 Rc4
40. Bd1 Kc5 41. Kf3 Kb4 42. Kg4 Rc5 43. Kf3 Ra5 44. Ke4 g6 45. g4 f5+ 46. gxf5
gxf5+ 47. Kd4 Rc5 48. h5 Rc1 49. Bf3 Kxa4 50. Ke5 Rc5+ 51. Kf6 Kb4 52. Kg6 a5
53. Bd1 Rc1 54. Bf3 a4 55. Bd5 a3 56. Kxh6 Rc4 57. Bxc4 Kxc4 58. Kg6 a2 59.
Kxf5 a1=Q 60. Kg6 Qh8 0-1

[Event "Weekend Accademia"]
[Site "Roma ITA"]
[Date "1996.??.??"]
[Round "2"]
[White "Marzano, Carlo"]
[Black "Capezza, Marco"]
[Result "1-0"]
[WhiteElo "2160"]
[BlackElo "1762"]
[PlyCount "65"]
[EventDate "1996.??.??"]

1. d4 Nf6 2. Nf3 g6 3. c4 Bg7 4. Nc3 O-O 5. e4 d6 6. Be2 e5 7. d5 a5 8. Bg5 h6
9. Bh4 Na6 10. Nd2 Nc5 11. O-O Qe7 12. b3 Kh7 13. a3 h5 14. f3 Bh6 15. Rb1 Bd7
16. Qc2 Be3+ 17. Kh1 a4 18. b4 Bxd2 19. Qxd2 Nb3 20. Qg5 Kg7 21. f4 Nxd5 22.
Qxe7 Nxe7 23. Bxe7 Rfe8 24. Nd5 Nd2 25. Bf6+ Kf8 26. Nxc7 Nxb1 27. Rxb1 exf4
28. Nxa8 Rxa8 29. Rd1 Bc6 30. Bf3 Re8 31. Rxd6 Bxe4 32. Bxe4 Rxe4 33. Rd8+ 1-0

[Event "Weekend Accademia"]
[Site "Roma ITA"]
[Date "1996.??.??"]
[Round "2"]
[White "Mondello, Gabriele"]
[Black "Almonti, Alessandro"]
[Result "1/2-1/2"]
[WhiteElo "1789"]
[BlackElo "1768"]
[PlyCount "80"]
[EventDate "1996.??.??"]

1. f4 c5 2. Nf3 g6 3. e3 Bg7 4. Nc3 e6 5. b3 Ne7 6. Bb2 Nbc6 7. Na4 Bxb2 8.
Nxb2 d5 9. d4 Nf5 10. Qd2 cxd4 11. exd4 Qf6 12. c3 O-O 13. Bd3 a6 14. O-O Nd6
15. Ne5 Qg7 16. Rae1 Nb8 17. Na4 Nd7 18. Nxd7 Bxd7 19. Nb6 Rad8 20. Qb2 Bc6 21.
Re3 Kh8 22. Rd1 Qf6 23. g3 Nf5 24. Bxf5 Qxf5 25. a4 h5 26. Qe2 Rd6 27. a5 Rfd8
28. Re5 Qh3 29. Qg2 Qxg2+ 30. Kxg2 Kg7 31. h3 Rh8 32. Rh1 Kf6 33. Kf2 Ke7 34.
Ree1 Rdd8 35. Ke3 Kd6 36. g4 hxg4 37. hxg4 Rdg8 38. g5 Rxh1 39. Rxh1 Ke7 40.
Rh7 Rf8 1/2-1/2

[Event "Weekend Accademia"]
[Site "Roma ITA"]
[Date "1996.??.??"]
[Round "2"]
[White "Morales, Alessandro"]
[Black "Galeno, Giorgio"]
[Result "0-1"]
[WhiteElo "1540"]
[BlackElo "1680"]
[PlyCount "58"]
[EventDate "1996.??.??"]

1. Nf3 d6 2. d4 g6 3. Bg5 Bg7 4. e3 c6 5. c3 Nf6 6. Bd3 O-O 7. O-O Nbd7 8. Nbd2
e5 9. dxe5 dxe5 10. Ne4 Qc7 11. Bc2 Nxe4 12. Bxe4 Nf6 13. Bxf6 Bxf6 14. h3 Rd8
15. Qe2 Be6 16. b3 Rd7 17. Rfd1 Rad8 18. Rd2 Rxd2 19. Nxd2 Qa5 20. b4 Qa3 21.
Nb1 Qc1+ 22. Kh2 Rd1 23. Bc2 Rh1+ 24. Kg3 Qg1 25. Be4 Qh2+ 26. Kf3 Bxh3 27. Qd2
Bxg2+ 28. Ke2 Bxe4 29. Qd6 Qh5+ 0-1

[Event "Weekend Accademia"]
[Site "Roma ITA"]
[Date "1996.??.??"]
[Round "2"]
[White "Moroni, Marco"]
[Black "Primiceri, Nunzio"]
[Result "0-1"]
[WhiteElo "1842"]
[BlackElo "2150"]
[PlyCount "48"]
[EventDate "1996.??.??"]

1. e4 c5 2. g3 d5 3. Bg2 dxe4 4. Bxe4 Nf6 5. Bg2 Nc6 6. Ne2 e5 7. c3 Be7 8. O-O
O-O 9. Na3 Qd3 10. Nc2 Bg4 11. f3 Bh5 12. Ne1 Qd7 13. d3 Rad8 14. Be3 Bg6 15.
d4 cxd4 16. cxd4 exd4 17. Bf2 Bc5 18. Nf4 Bb6 19. Ned3 Rfe8 20. Nxg6 hxg6 21.
Qa4 Nd5 22. f4 Ne3 23. Bxc6 bxc6 24. Rfe1 Qd5 0-1

[Event "Weekend Accademia"]
[Site "Roma ITA"]
[Date "1996.??.??"]
[Round "2"]
[White "Piacentini, Carlo"]
[Black "Perretta, Maurizio"]
[Result "0-1"]
[WhiteElo "1680"]
[BlackElo "2007"]
[PlyCount "34"]
[EventDate "1996.??.??"]

1. e4 e5 2. Nf3 Nf6 3. Bc4 Nxe4 4. Nxe5 d5 5. Qe2 Bc5 6. Nd3 O-O 7. Nxc5 Nxc5
8. Qh5 Re8+ 9. Be2 g6 10. Qf3 Nc6 11. Kd1 Nd4 12. Qc3 Nxe2 13. Qxc5 Qg5 14. Re1
Qxg2 15. Nc3 Bg4 16. Nxe2 Bxe2+ 17. Rxe2 Qf1+ 0-1

[Event "Weekend Accademia"]
[Site "Roma ITA"]
[Date "1996.??.??"]
[Round "2"]
[White "Piancatelli, Marco"]
[Black "Anella, Sandro"]
[Result "1/2-1/2"]
[WhiteElo "1870"]
[BlackElo "1645"]
[PlyCount "74"]
[EventDate "1996.??.??"]

1. e4 e6 2. d4 d5 3. Nc3 dxe4 4. Nxe4 Qd5 5. Nc3 Bb4 6. Nf3 b6 7. Bd3 Ba6 8.
Bxa6 Nxa6 9. Qd3 Nb8 10. O-O Bxc3 11. bxc3 Nf6 12. Ba3 Nc6 13. c4 Qa5 14. d5
O-O-O 15. Qb3 exd5 16. c5 h6 17. cxb6 axb6 18. Bb2 Qb4 19. Ne5 Qxb3 20. axb3
Nxe5 21. Bxe5 Kb7 22. Rad1 c5 23. Rfe1 Rhe8 24. f3 Kc6 25. Kf2 d4 26. c3 dxc3
27. Bxc3 b5 28. Rxe8 Rxe8 29. Ra1 Kb6 30. Rd1 Kc6 31. Ra1 b4 32. Bb2 Kb7 33.
Rc1 Kb6 34. Ra1 Re7 35. Ra8 Kb7 36. Ra1 Kb6 37. Ra8 Kb7 1/2-1/2

[Event "Weekend Accademia"]
[Site "Roma ITA"]
[Date "1996.??.??"]
[Round "2"]
[White "Pierangeli, Andrea"]
[Black "Alimonti, Daniele"]
[Result "1-0"]
[WhiteElo "1750"]
[BlackElo "1516"]
[PlyCount "135"]
[EventDate "1996.??.??"]

1. e4 e5 2. Nf3 Nc6 3. Bc4 Nf6 4. Qe2 h6 5. c3 Be7 6. d4 d6 7. O-O Bg4 8. Bb5
O-O 9. Bxc6 bxc6 10. dxe5 dxe5 11. Nbd2 Re8 12. Rd1 Bd6 13. Nf1 Qc8 14. Ng3 Rb8
15. b3 Qb7 16. h3 Bxf3 17. Qxf3 c5 18. Bxh6 c4 19. bxc4 Qc6 20. Bg5 Nh7 21. Be3
Qxc4 22. Qg4 Nf6 23. Qf5 Rb2 24. a4 a5 25. Bg5 Bc5 26. Rd2 Rxd2 27. Bxd2 Rb8
28. Qf3 Rb2 29. Be3 Qxc3 30. Rc1 Rc2 31. Qd1 Rxc1 32. Qxc1 Qxc1+ 33. Bxc1 Bb4
34. Kf1 Nd7 35. Bb2 f6 36. Ne2 Nc5 37. Nc3 c6 38. Ke2 Kf7 39. f3 Ke6 40. Kd1
Nd3 41. Ba1 Nf4 42. Kc2 Nxg2 43. Kb3 Nf4 44. Kc4 Nxh3 45. Ne2 Ng5 46. Ng1 Kd6
47. Bb2 Bc5 48. Ne2 Nxf3 49. Bc3 Bb6 50. Ng3 g6 51. Nf1 Ng5 52. Nd2 Ne6 53. Nb3
Nc5 54. Nxc5 Bxc5 55. Bxa5 Ba7 56. Bd8 f5 57. Kd3 f4 58. Bg5 Bb6 59. Kc4 Bc5
60. Kd3 Bb6 61. Kc4 Ba5 62. Bh6 Bd8 63. Bf8+ Be7 64. Bg7 g5 65. a5 Kc7 66.
Bxe5+ Bd6 67. Bf6 g4 68. e5 1-0

[Event "Weekend Accademia"]
[Site "Roma ITA"]
[Date "1996.??.??"]
[Round "2"]
[White "Quaglia, Ferdinando"]
[Black "Latini, Carlo"]
[Result "1/2-1/2"]
[WhiteElo "1541"]
[BlackElo "1701"]
[PlyCount "81"]
[EventDate "1996.??.??"]

1. d4 Nf6 2. c4 g6 3. Nc3 Bg7 4. e4 d6 5. Be2 O-O 6. h4 h5 7. Bg5 e5 8. dxe5
dxe5 9. Qxd8 Rxd8 10. Bxf6 Bxf6 11. Nd5 Rxd5 12. cxd5 Be7 13. a3 Nd7 14. g4 Nf6
15. gxh5 Nxe4 16. hxg6 fxg6 17. Rc1 Bc5 18. Nh3 Bxh3 19. Rxh3 Bxf2+ 20. Kf1 Bb6
21. Rf3 Nd2+ 22. Kg2 Nxf3 23. Bxf3 Rf8 24. Rc2 Kg7 25. b4 Rf4 26. Kg3 Rd4 27.
Rc3 Kf6 28. Bg2 Rf4 29. Rf3 g5 30. hxg5+ Kxg5 31. Rxf4 exf4+ 32. Kf3 Be3 33. a4
b5 34. axb5 Bd2 35. b6 axb6 36. b5 Kf5 37. Ke2 Be3 38. Bf3 Ke5 39. Kd3 Bd4 40.
Be4 Bb2 41. Bf3 1/2-1/2

[Event "Weekend Accademia"]
[Site "Roma ITA"]
[Date "1996.??.??"]
[Round "2"]
[White "Righetti, Gianfranco"]
[Black "Papetti, Francesco"]
[Result "1/2-1/2"]
[WhiteElo "1594"]
[BlackElo "1705"]
[PlyCount "77"]
[EventDate "1996.??.??"]

1. e4 c6 2. d4 d5 3. e5 Bf5 4. Bd3 Bxd3 5. Qxd3 e6 6. Nf3 Ne7 7. O-O Nf5 8. Bg5
Be7 9. Bxe7 Qxe7 10. Nbd2 Nd7 11. Rfd1 O-O 12. Qb3 b6 13. Nf1 c5 14. c3 f6 15.
Ng3 fxe5 16. Nxe5 Nxe5 17. dxe5 Nxg3 18. hxg3 Qg5 19. Re1 Rf5 20. Qb5 Raf8 21.
Qe2 h5 22. Rad1 Qg6 23. Rd2 Rg5 24. Qd3 Rff5 25. Re3 Qh7 26. Rde2 h4 27. gxh4
Qxh4 28. Rh3 Qg4 29. Rg3 Qh5 30. Rxg5 Qxg5 31. Qe3 Qg4 32. Qd3 c4 33. Qe3 Rg5
34. f3 Qf5 35. f4 Rh5 36. Qf3 Qh7 37. Kf2 Rh1 38. a3 Qb1 39. Qg4 1/2-1/2

[Event "Weekend Accademia"]
[Site "Roma ITA"]
[Date "1996.??.??"]
[Round "2"]
[White "Rossi De Gasperis, Pietro"]
[Black "Scipioni, Gaetano"]
[Result "1-0"]
[WhiteElo "1833"]
[BlackElo "1525"]
[PlyCount "57"]
[EventDate "1996.??.??"]

1. e4 d6 2. d4 Nf6 3. Nc3 g6 4. Be2 Bg7 5. Be3 O-O 6. f3 c6 7. Qd2 Re8 8. O-O-O
b5 9. g4 b4 10. Nb1 a5 11. h4 Ba6 12. h5 Qc7 13. hxg6 fxg6 14. Bxa6 Nxa6 15.
Qh2 e5 16. Ne2 Bh8 17. Ng3 Re7 18. g5 Ne8 19. f4 exf4 20. Bxf4 c5 21. Nf5 gxf5
22. exf5 cxd4 23. f6 Rd7 24. g6 Nxf6 25. gxh7+ Rxh7 26. Qg2+ Qg7 27. Qxa8+ Qf8
28. Qxa6 Rxh1 29. Rxh1 1-0

[Event "Weekend Accademia"]
[Site "Roma ITA"]
[Date "1996.??.??"]
[Round "2"]
[White "Sabatini, Mario"]
[Black "Barro, Carlo"]
[Result "1-0"]
[WhiteElo "2085"]
[BlackElo "1771"]
[PlyCount "65"]
[EventDate "1996.??.??"]

1. d4 Nf6 2. Nf3 g6 3. c4 d6 4. Nc3 Bg7 5. e4 c6 6. Bg5 Bg4 7. Be2 Nbd7 8. h3
Bxf3 9. Bxf3 Qc7 10. Qd2 h6 11. Be3 a6 12. a4 e5 13. d5 Rd8 14. O-O g5 15. b4
Nf8 16. a5 Ng6 17. Bb6 Qd7 18. Bxd8 Qxd8 19. dxc6 bxc6 20. Rfd1 Bf8 21. b5 Qc8
22. bxa6 Be7 23. Rab1 O-O 24. Rb7 Nh4 25. Qe2 Bd8 26. Rxd6 Kg7 27. Bg4 Qa8 28.
Rxc6 Bxa5 29. Nd5 Nxd5 30. cxd5 Ng6 31. Bf5 Nf4 32. Qd1 Rb8 33. g3 1-0

[Event "Weekend Accademia"]
[Site "Roma ITA"]
[Date "1996.??.??"]
[Round "2"]
[White "Sarrecchia, Maurizio"]
[Black "Pantano, Fulvio"]
[Result "1/2-1/2"]
[WhiteElo "1576"]
[BlackElo "1636"]
[PlyCount "47"]
[EventDate "1996.??.??"]

1. c4 c5 2. Nc3 d6 3. Nf3 Nc6 4. d4 cxd4 5. Nxd4 g6 6. e4 Nf6 7. Be2 Bg7 8. Be3
O-O 9. O-O Bd7 10. Rc1 Rc8 11. f3 Nxd4 12. Bxd4 a6 13. Qb3 Bc6 14. Rfd1 Nh5 15.
e5 dxe5 16. Bxe5 Qe8 17. Bxg7 Nxg7 18. Nd5 Ne6 19. Qb4 Bxd5 20. cxd5 Rxc1 21.
Rxc1 Nd8 22. Rc7 e6 23. Qe7 Qxe7 24. Rxe7 1/2-1/2

[Event "Weekend Accademia"]
[Site "Roma ITA"]
[Date "1996.??.??"]
[Round "2"]
[White "Scacco, Mauro"]
[Black "Michelena, Rodolfo"]
[Result "1-0"]
[WhiteElo "2055"]
[BlackElo "1810"]
[PlyCount "69"]
[EventDate "1996.??.??"]

1. e4 e5 2. Nf3 d6 3. d4 Bg4 4. Bc4 Nd7 5. c3 Be7 6. h3 Bh5 7. O-O Ngf6 8. Re1
O-O 9. Nbd2 a6 10. Nf1 b5 11. Bb3 c5 12. Be3 Nxe4 13. Bd5 Nef6 14. Bxa8 Qxa8
15. Ng3 Bg6 16. Nh4 Be4 17. Ngf5 Re8 18. Nxe7+ Rxe7 19. f3 Bg6 20. Bg5 Re6 21.
Nxg6 hxg6 22. dxe5 dxe5 23. Qd2 c4 24. Rad1 Kh7 25. Qf2 Qb7 26. Re2 Qc7 27.
Red2 Re8 28. Rd6 Nc5 29. Rxf6 Nd3 30. Qb6 Qc8 31. Rxf7 Rg8 32. Bf6 Kh8 33. Qe3
Nf4 34. Bxe5 Nxh3+ 35. Kh2 1-0